000 02005nam a22002897a 4500
003 OSt
005 20260630164138.0
008 260624t2024 xxu||||| |||| 00| 0 spa d
040 _aUnicoc
_bspa
_c00001
_d00001
082 _a371.33
100 _913134
_aRey Valzacchi, Jorge
245 _aChatbots educativos: inteligencia artificial transformando el aprendizaje
_b: El nuevo paradigma de la enseñanza personalizada
_c/ Jorge Rey Valzacchi
250 _a1 Ed.
260 _aArgentina :
_bInstituto Latinoamericano de Desarrollo Profesional Docente ,
_c2024.
300 _a70 páginas
_bIlustraciones, diagramas, tablas, gráficas
440 _913135
_aAprende Virtual
505 _tIntroducción: Los chatbots en la educación. --
_t1. El auge de los chatbots con inteligencia artificial en la educación. --
_t2. Chatbots y aprendizaje personalizado impulsado por la inteligencia artificial. --
_t3. Interacción alumno-chatbot impulsada por la inteligencia artificial. --
_t4. Implementación de chatbots con IA en el aula. --
_t5. Diseño y creación de un chatbot educativo con herramientas de IA. --
_t6. Chatbots con IA para el aprendizaje de idiomas. --
_t7. Evaluación y retroalimentación automatizada con IA. --
_t8. Chatbots como herramientas de inclusión con IA. --
_t9. Inteligencia Artificial y el futuro de los chatbots educativos. --
_t10. Ética y desafíos de los chatbots con IA en la educación.
526 _5Unicoc
546 _aEspañol
650 0 _910540
_aInteligencia artificial
_vChatbots educativos
650 0 _9461
_aEducación
_vInnovaciones tecnológicas
650 0 _913183
_aSistemas inteligentes
_vAprendizaje personalizado
650 0 _913184
_aAsistentes virtuales
650 0 _913185
_aEntornos virtuales de aprendizaje
856 _yAcceso online exclusivo para comunidad Unicoc.
_uhttps://unicoceduco-my.sharepoint.com/:b:/g/personal/direccionbiblioteca_unicoc_edu_co/IQBpHaTftdHQRJ37jKvoyvgeAZpnjloCuZ6M7IrbraqWte8
942 _2ddc
_cEBOOK
999 _c10904
_d10904